000 00546nam a2200241Ia 4500
003 OSt
005 20221005123215.0
006 a|||||r|||| 00| 0
007 ta
008 221004b |||||||| |||| 00| 0 tam d
024 _a51828
037 _cTextual
040 _aCRL
_cCRL
_btam
041 _2tam
_atam
082 _aS2, 31J4
100 _aDuran
245 0 _aKumara paruvam
260 _c1954
300 _a58p.
_ccm.
650 _aPSYCHOLOGY
942 _hS2, 31J4
_cTEXL
_2cc
999 _c1046718
_d1046718